Africa's troubled political disorder - a case on Zambia (Record no. 130270)
[ view plain ]
| 000 -LEADER | |
|---|---|
| fixed length control field | 00491nam a22001457a 4500 |
| 008 - FIXED-LENGTH DATA ELEMENTS--GENERAL INFORMATION | |
| fixed length control field | 200203b ||||| |||| 00| 0 eng d |
| 050 ## - LIBRARY OF CONGRESS CALL NUMBER | |
| Classification number | JQ2831.M45 2001 |
| 100 ## - MAIN ENTRY--PERSONAL NAME | |
| Personal name | Membe, Franklin L. |
| 9 (RLIN) | 49291 |
| 245 ## - TITLE STATEMENT | |
| Title | Africa's troubled political disorder - a case on Zambia |
| Remainder of title | what renaissance? whose renaissance? |
| Statement of responsibility, etc | Franlin L. Membe |
| 250 ## - EDITION STATEMENT | |
| Edition statement | 1st. ed. |
| 260 ## - PUBLICATION, DISTRIBUTION, ETC. (IMPRINT) | |
| Place of publication, distribution, etc | Lesotho |
| Name of publisher, distributor, etc | Morija |
| Date of publication, distribution, etc | 2001 |
| 300 ## - PHYSICAL DESCRIPTION | |
| Extent | xiii, 105p. ; |
| Dimensions | 21cm. |
| 651 ## - SUBJECT ADDED ENTRY--GEOGRAPHIC NAME | |
| Geographic name | Zambia |
| General subdivision | Politics |
| Chronological subdivision | 1991- |
| 9 (RLIN) | 49292 |
| 942 ## - ADDED ENTRY ELEMENTS (KOHA) | |
| Source of classification or shelving scheme | Library of Congress Classification |
| Item type | Monograph ( Printed materials) |
| Withdrawn status | Lost status | Source of classification or shelving scheme | Damaged status | Not for loan | Collection code | Home library | Current library | Shelving location | Date acquired | Total Checkouts | Full call number | Barcode | Date last seen | Price effective from | Koha item type |
|---|---|---|---|---|---|---|---|---|---|---|---|---|---|---|---|
| Library of Congress Classification | Main Collection | ARRUPE LIBRARY | ARRUPE LIBRARY | Main Collection | 03/02/2020 | JQ2831.M45 2001 | 46600006598 | 03/02/2020 | 03/02/2020 | Monograph ( Printed materials) |